| 000 | 00684nam a22002177a 4500 | ||
|---|---|---|---|
| 999 |
_c186213 _d186213 |
||
| 005 | 20220217100057.0 | ||
| 010 | _aENG-131644 | ||
| 020 |
_a9788194868736 _c370.00 |
||
| 035 | _aEN-115176 | ||
| 037 | _bDBAD | ||
| 082 | _a658.1511 | ||
| 100 | _aKumar, K. Kishore | ||
| 245 |
_aAccounting for Managers: _bI-BBA/II-Semester/ _cK. Kishore Kumar |
||
| 260 |
_aHyderabad _bAmaravati Publications _c2021 |
||
| 270 |
_a# 326/C, III Floor, Surneni Nilayam Near B K Guda Park, S R Nagar _bHyderabad _e500038 |
||
| 300 |
_aviii, 384p. _c24cm(pbk) |
||
| 700 | _aMahesh, V. | ||
| 700 | _aViswatham, B. | ||
| 700 | _aReddy, P. Reddappa | ||
| 942 |
_2ddc _cEN _h658.1511 _mKKI |
||